| 000 | 00468nam a2200145 a 4500 | ||
|---|---|---|---|
| 005 | 20140412111334.0 | ||
| 008 | 050418s19uu xx 00 eng d | ||
| 020 | _a0-8039-3079-8 | ||
| 050 |
_aTR(GS 153.8 _bPr94 1988 |
||
| 245 |
_aProgress in behavior modification, vol. 22 / _cedited by Michael Hersen, et al. |
||
| 260 |
_aCalifornia : _bSage Publications, Inc, _c1988. |
||
| 300 | _a286 p. ; ill. | ||
| 650 |
_aVolition (Will) _xStudy and teaching |
||
| 999 |
_c104994 _d104994 |
||